000 00357nam a2200145Ia 4500
003 OSt
005 20240311115629.0
008 170523s9999 xx 000 0 und d
020 _a9788183715102.
040 _cIIT UNIVERSITY MEERUT
100 _aKumaravelan- R.
245 0 _aEngineering Mechanics
260 _aNew Delhi : Scitech Pub.
942 _2ddc
_c02
999 _c11714
_d11714